Obálka Náhled e-knihy:
PDF Epub
Pro půjčování e-knih musíte být přihlášeni.
Jak si půjčit online?

Zlomená láska /

Volné pokračování románu pro mládež, v němž se opět setkávají hrdinové poznamenaní traumatem ze společné nehody. Všechno je zdánlivě jinak, silná přitažlivost ale zůstává.

Uloženo v:
Série:Zaslepená láska, část 2
Hlavní autor: Brown, Stacey Marie (Autor)
Další autoři: Trusová, Veronika (Autor)
Médium: E-kniha
Jazyk:Czech
Vydáno: V Praze : CooBoo, 2025
Vydání:1. vydání
Témata:
Příbuzné jednotky:Z cyklu:: Zaslepená láska
Tagy:
Žádné tagy
LEADER 02893nam a2200541 i 4500
001 312723
003 CZ PrSKC
005 20260601215727.0
007 ta
008 250515s2025 xr d 000 f cze
015 |a cnb003685003 
020 |a 9788074988936  |q (brožováno) :  |c Kč 449,00 
035 |a (OCoLC)1527578095 
040 |a ABG001  |b cze  |e rda 
041 1 |a cze  |h eng 
072 7 |a 821.111(73)-3  |x Americká próza  |2 Konspekt 
072 7 |a 821-93  |x Literatura pro děti a mládež (beletrie)  |2 Konspekt 
080 |a 821.111(73)-31  |2 MRF 
080 |a 82-93-053.67  |2 MRF 
080 |a 821-93  |2 MRF 
080 |a (0:82-31)-055.25  |2 MRF 
100 1 |a Brown, Stacey Marie  |7 xx0278125  |4 aut 
240 1 0 |a Broken love.  |l Česky 
245 1 0 |a Zlomená láska /  |c Stacey Marie Brown ; přeložila Veronika Trusová 
250 |a 1. vydání 
264 1 |a V Praze :  |b CooBoo,  |c 2025 
300 |a 357 stran ;  |c 20 cm 
336 |a text  |b txt  |2 rdacontent 
337 |a bez média  |b n  |2 rdamedia 
338 |a svazek  |b nc  |2 rdacarrier 
500 |a Přeloženo z angličtiny 
520 2 |a Volné pokračování románu pro mládež, v němž se opět setkávají hrdinové poznamenaní traumatem ze společné nehody. Všechno je zdánlivě jinak, silná přitažlivost ale zůstává.  |b Jaymerson nechala všechno za sebou a odjela do Itálie, aby šla za svými sny. Učí se tam spoléhat sama na sebe a otvírat své srdce druhým, ale nic ji nemůže připravit na to, že na televizních obrazovkách jednoho dne spatří Huntera. Z toho je teď hvězda, kvůli které všichni šílí, a Jaymerson s bolestí sleduje, jak se zamilovává do jiné. Když se jejich cesty opět protnou, oba se už změnili - jednoho k druhému to však stále přitahuje jako můru k plameni. Zahoří jejich srdce láskou, nebo shoří na popel? Nakladatelská anotace. 
655 7 |a americké romány  |7 fd131796  |2 czenas 
655 7 |a dívčí romány  |7 fd132186  |2 czenas 
655 7 |a literatura young adult  |7 fd1185572  |2 czenas 
655 7 |a publikace pro mládež  |7 fd133157  |2 czenas 
655 9 |a American fiction  |2 eczenas 
655 9 |a girls' novels  |2 eczenas 
655 9 |a young adult literature  |2 eczenas 
655 9 |a juvenile literature  |2 eczenas 
700 1 |a Trusová, Veronika  |7 xx0262890  |4 trl 
787 0 8 |i Z cyklu:  |t Zaslepená láska  |g 2 
900 |a ABA001  |b 20 
928 9 |a Albatros Media - CooBoo 
044 |a xr 
910 |a RBIT002 
998 |d 420341  |a https://core.palmknihy.cz/api/books/420341/cover?sw3dwh  |b https://core.palmknihy.cz/api/books/420341/cover/400?sw3dwh  |c https://core.palmknihy.cz/api/books/420341/cover/50?sw3dwh  |e 2029-03-06  |g 360  |i 9788074988936  |j https://core.palmknihy.cz/api/books/420341/preview.epub  |k https://core.palmknihy.cz/api/books/420341/preview.pdf  |l   |q 49  |r 1  |s https://www.palmknihy.cz/kniha/420341  |t ebook  |y 2025  |z 0  |v Zaslepená láska  |w 2 
999 |d 312721